书目信息 |
| 书名: | Analysis of the classes in Chinese society | |
| 作者: | ||
| 分册号: | ||
| 分册名: | 出版地: | Peking : |
|
| 出版社: | Foreign Languages Press | |
| 出版时间: | 1965. | |
| 页数: | 12 p. ; | |
| 开本: | 19 cm. | |
| 丛书名: | ||
| 中图分类号: | ||
| 科图分类号: | ||
| 其他分类号: | A423 | |
| 主题词: | ||
| 电子资源: | ||
| 000 | 00727cam a22002531 450 | |
| 001 | E0739681202 | |
| 005 | 20070305110449.67 | |
| 008 | 740812s1965 000 0 eng | |
| 010 | @a57047655 | |
| 035 | @a(OCoLC)975295 | |
| 035 | @A(DLC) 57047655 | |
| 040 | @aDLC@cN@dOCoLC@dDLC | |
| 050 | 00 | @aHN673@b.M253 |
| 090 | @aA423 | |
| 099 | @dA423@ex6 | |
| 100 | 1 | @aMao, Zedong,@d1893-1976. |
| 245 | 10 | @aAnalysis of the classes in Chinese society. |
| 250 | @a4th ed. | |
| 260 | @aPeking :@bForeign Languages Press,@c1965. | |
| 300 | @a12 p. ;@c19 cm. | |
| 650 | 0 | @aSocial classes@zChina. |
| 906 | @a7@bcbc@coclcrpl@du@encip@f19@gy-gencatlg | |
| 985 | @eOCLC REPLACEMENT | |
| 991 | @bc-GenColl@hHN673@i.M253@tCopy 1@wOCLCREP | |
| Analysis of the classes in Chinese society.-4th ed.-Peking : : Foreign Languages Press, , 1965. |
| 12 p. ; ; 19 cm. |
| ISBN |
| ● |
| 相关链接 |
|
|
|
|
正题名:Analysis of the classes in Chinese society
索取号:A423/x6
 
预约/预借
| 序号 | 登录号 | 条形码 | 馆藏地/架位号 | 状态 | 备注 |
| 1 | 55748 | 300000175 | 第四借阅区/ [索取号:A423/x6] | 在馆 |